Statistics for Metal and Hardrock albums of 1992

Click here to take the quiz!

General Stats

  • This quiz has been taken 49 times
  • The average score is 30 of 100

Answer Stats

HintAnswer% Correct
1BurzumBurzum
91%
72Fear Of The DarkIron Maiden
91%
54Countdown To ExtinctionMegadeth
91%
81Danzig III: How The Gods KillDanzig
89%
40Vulgar Display Of PowerPantera
89%
15Rage Against The MachineRage Against The Machine
89%
63Trapped!Rage
83%
79Tomb Of The MutilatedCannibal Corpse
77%
8A Blaze In The Northern SkyDarkthrone
74%
28King's XKing's X
71%
46The Triumph Of SteelManowar
71%
60The RitualTestament
71%
31March Or DieMotörhead
69%
92The Crimson IdolW.A.S.P.
69%
45LegionDeicide
66%
33Diabolical Fullmoon MysticismImmortal
66%
21DehumanizerBlack Sabbath
63%
36DirtAlice In Chains
60%
22Angel DustFaith No More
60%
83The End CompleteObituary
60%
77LoudnessLoudness
54%
65Psalm 69Ministry
54%
97The IVth CrusadeBolt Thrower
51%
57Images And WordsDream Theater
51%
86Tools Of The Trade (EP)Carcass
49%
94Tapping The VeinSodom
49%
68Soul Of A New MachineFear Factory
46%
4RevengeKiss
46%
38Shades Of GodParadise Lost
43%
67La Sexorcisto: Devil Music Vol. 1White Zombie
43%
24Somewhere Far BeyondBlind Guardian
40%
12America Must Be DestroyedGwar
40%
89Pile Of SkullsRunning Wild
34%
30Stone Cold SoberTankard
34%
84The Waste LandsVenom
34%
44The Karelian IsthmusAmorphis
31%
75Dark EndlessMarduk
31%
59CloudsTiamat
31%
87The Origin Of The FecesType O Negative
31%
96The Red In The Sky Is OursAt The Gates
29%
16Extreme Conditions Demand Extreme ResponsesBrutal Truth
29%
9Tol Cormpt Norz Norz NorzImpaled Nazarene
29%
64Onward To GolgothaIncantation
29%
35As The Flower WithersMy Dying Bride
29%
42Blood RitualSamael
29%
53The Art Of RebellionSuicidal Tendencies
29%
3You'll Never See...Grave
26%
50Blues For The Red SunKyuss
26%
17Acts Of The UnspeakableAutopsy
23%
93ThresholdsNocturnus
23%
61B-Side Ourselves (EP)Skid Row
23%
32A Burnt Offering For The Bone IdolSkyclad
23%
80Manic FrustrationTrouble
23%
49CuatroFlotsam And Jetsam
20%
11PenetraliaHypocrisy
20%
82Worth The WeightAnvil
17%
47Urban DisciplineBiohazard
17%
51SatanoscillatemymetallicsonataS (EP)Soundgarden
17%
13Shadows In The DeepUnleashed
17%
27Fire & IceYngwie Malmsteen
17%
76The LawExhorder
14%
73RetributionMalevolent Creation
11%
98The Circus MaximusManilla Road
11%
90Inhuman Condition (EP)Massacre
11%
62Jilemnický OkultistaMaster's Hammer
11%
48A Vision Of MiserySadus
11%
5C.O.DSaint Vitus
11%
78Beyond The Crimson HorizonSolitude Aeturnus
11%
2The Ultimate IncantationVader
11%
26Last One On EarthAsphyx
9%
25...In PainsCadaver
9%
20UnorthodoxEdge Of Sanity
9%
66KinXentrix
9%
88An Evil Shade Of GreyCemetary
6%
18Alpha OmegaCro-Mags
6%
43Epidemic Of ViolenceDemolition Hammer
6%
100Descend Into The AbsurdFleshcrawl
6%
6PureGodflesh
6%
52Signs Of The DeclineMassacra
6%
7KaleidoscopeMekong Delta
6%
19NomindslandRed Harvest
6%
85Cross The StyxSinister
6%
69Beyond SanctorumTherion
6%
55In The Name Of SufferingEyehategod
3%
34Reborn DogsHoly Moses
3%
99Rotten PerishMessiah
3%
56Souls At ZeroNeurosis
3%
29Dawn Of DreamsPan.Thy.Monium
3%
39Crush, Kill, Destroy (EP)Sarcofago
3%
91Prodigal SunAfflicted
0%
41Towards BeyondAgressor
0%
70The Dead Shall InheritBaphomet
0%
10The Dying TruthCianide
0%
23Life BeyondDeathrow
0%
95Beyond RecognitionDefiance
0%
14Grey MiseryDisgrace
0%
37The Treasures WithinMerciless
0%
71All Creatures Great And EatenNuclear Death
0%
74Lament For The WearySeventh Angel
0%
58Let Us PrayVital Remains
0%

Score Distribution

Percentile by Number Answered

Percent of People with Each Score

Your Score History

You have not taken this quiz